The Coen Brothers : This Book Really Ties the Films Together /

Guardat en:
Dades bibliogràfiques
Autor principal: Nayman, Adam (autor)
Format: Llibre
Idioma:anglès
Publicat: Nueva York, EUA : Abrams, 2018, c2018
Matèries:
Etiquetes: Afegir etiqueta
Sense etiquetes, Sigues el primer a etiquetar aquest registre!

MARC

LEADER 00000nam^a2200000^a^4500
001 000420354
005 20250521000000.0
009 20260310122508.868
020 |a 978-1-4197-2740-5 
037 |a Acervo ITESO - Biblioteca 
041 |a ING 
082 |a 302. 2350973  |b NAY 
100 |a Nayman, Adam  |e (autor) 
245 1 4 |a The Coen Brothers :  |b This Book Really Ties the Films Together /  |c A. Nayman. 
264 4 |a Nueva York, EUA :  |b Abrams,  |c 2018, c2018 
300 |a 307, [13] p. 
336 |a texto  |b txt  |2 rdacontenido 
337 |a sin mediación  |b n  |2 rdamedio 
338 |a volumen  |b nc  |2 rdasoporte 
649 |a XX 
650 |a Cineastas Norteamericanos -  |x Filmografías 
650 |a Cineastas Norteamericanos -  |x Biografías 
650 |a Cineastas Norteamericanos -  |x Entrevistas 
650 |a Fotógrafos Ingleses -  |x Entrevistas 
650 |a Cantantes Norteamericanos -  |x Entrevistas 
650 |a Músicos Norteamericanos -  |x Entrevistas 
650 |a Diseñadores Norteamericanos -  |x Entrevistas 
650 |a Cine Independiente -  |z EUA -  |x Historia y Crítica 
650 |a Cine Norteamericano -  |x Historia y Crítica 
650 |a Cine Norteamericano -  |y 1980-1989 
650 |a Cine Norteamericano -  |y 1990-1999 
650 |a Cine Norteamericano -  |y Siglo XX 
650 |a Cine Norteamericano -  |y 2000-2009 
650 |a Cine Norteamericano -  |y 2010-2019 
650 |a Cine Norteamericano -  |y Siglo XXI 
650 |a Coen, Joel -  |x Tema Principal 
650 |a Coen, Ethan -  |x Tema Principal 
650 |a Anderson, J. Todd 
650 |a Burwell, Carter 
650 |a Deakins, Roger 
650 |a Gonchor, Jess 
650 |a Miller, Michael R. 
650 |a Walker, Lisa 
650 |a Zellner, David 
650 |a Zophres, Mary 
910 |a Fondo General 
920 |a Impresos - Libros 
930 |a Reserva Especial 
905 |a 103 
901 |a 0500328234  |b IT1  |c REE  |i C171296  |u 20250521 
902 |a https://opac.biblio.iteso.mx/vufind/Record/000420354